|
|
|
|
| LEADER |
00617nta a2200169 i 4500 |
| 001 |
dipl89073 |
| 005 |
20200831065648.0 |
| 008 |
200828s1980 hu om 0|| zxx d |
| 040 |
|
|
|a SZTE Diploma Repozitórium
|b hun
|
| 041 |
|
|
|a zxx
|
| 100 |
1 |
|
|a Ujvári Anna
|
| 245 |
1 |
0 |
|a Gróf Teleki József, a történész
|h [elektronikus dokumentum] /
|c Anna Ujvári
|
| 260 |
|
|
|c 1980
|
| 650 |
|
4 |
|a Bölcsészettudományok
|
| 650 |
|
4 |
|a History of ideas, intellectual history, history of science and techniques
|
| 700 |
1 |
|
|a Nagy István
|e ths
|
| 856 |
4 |
0 |
|u http://diploma.bibl.u-szeged.hu/id/eprint/89073/1/1980_ujvari_anna.pdf
|z Dokumentum-elérés
|